|
|
|
|
| LEADER |
01858cas a2200253 a 4500 |
| 001 |
AALejournalIMF018449 |
| 008 |
230101c9999 xx r poo 0 0eng d |
| 020 |
|
|
|c 5.00 USD
|
| 020 |
|
|
|z 9781484353905
|
| 022 |
|
|
|a 1934-76851
|
| 040 |
|
|
|a BD-DhAAL
|c BD-DhAAL
|
| 110 |
2 |
|
|a International Monetary Fund.
|b Fiscal Affairs Dept.
|
| 240 |
1 |
0 |
|a Mali: Evaluation de la gestion des investissements publics.
|l French
|
| 245 |
1 |
0 |
|a Mali :
|b Evaluation de la gestion des investissements publics.
|
| 264 |
|
1 |
|a Washington, D.C. :
|b International Monetary Fund,
|c 2018.
|
| 300 |
|
|
|a 1 online resource (64 pages)
|
| 490 |
1 |
|
|a IMF Staff Country Reports
|
| 500 |
|
|
|a <strong>Off-Campus Access:</strong> No User ID or Password Required
|
| 500 |
|
|
|a <strong>On-Campus Access:</strong> No User ID or Password Required
|
| 506 |
|
|
|a Electronic access restricted to authorized BRAC University faculty, staff and students
|
| 520 |
3 |
|
|a Cette evaluation de la gestion des investissements publics (PIMA) au Mali met en lumiere un cadre de gestion robuste dont l'efficience est paradoxalement faible. Conformement a la methodologie elaboree par le departement des finances publiques (FAD) du FMI, cette evaluation PIMA dresse un etat des lieux de l'investissement public, ses caracteristiques et son efficience, puis passe en revue les procedures de gestion pour en determiner les faiblesses (voir tableau 1). Au Mali, le cadre de gestion est assez robuste si on le compare aux pays de la sous-region et aux autres pays en voie de developpement, mais il produit peu de capital fixe durable par unite de depense d'investissement par habitant.
|
| 538 |
|
|
|a Mode of access: Internet
|
| 830 |
|
0 |
|a IMF Staff Country Reports; Country Report ;
|v No. 2018/114
|
| 856 |
4 |
0 |
|z Full text available on IMF
|u http://elibrary.imf.org/view/journals/002/2018/114/002.2018.issue-114-fr.xml
|z IMF e-Library
|